00961cam a22002774a 450000500170000000800390001702000150005602000150007102000150008602000190010102000180012002000190013804000550015704100080021224500930022025000100031326000690032330000230039249000270041550400530044265000300049565000370052565000340056265100530059670000340064920140903175020.0140214s2007 enk frn 001 0 eng a0203966643 a0415770572 a0415770580 a9780203966648  a9780415770576 a9780415770583  aCO-BoUCMbspacRoberto BurgosdAldemar Mondragón aeng00aKorean societybcivil society, democracy and the stateceditado por Charles K. Armstrong a2a ed aLondres (Inglaterra)aNew York (Estados Unidos)bRoutledgec2007 axii, 216 páginas1 aAsia's transformations aIncluye referencias bibliográficas e índices 7aDemocraciazCorea del Sur 7aDemocratizaciónzCorea del Sur 7aSociedad civilzCorea del Sur 4aCorea del SurxPolítica y gobiernoy1988-2002.1 aArmstrong, Charles K.eeditor